Tiszta szívvel

Bibliographic Details
Main Author: Csiba, Annabella (Author, Interviewer)
Format: Article
Language:Hungarian
PhysicalDescription:Fotogr.
Subjects:

MARC

LEADER 00000nab a2200000 ar4500
001 vtls009004023
003 SK-MaSNL
005 20260319071303.0
008 070427c2007 xo ||||||h| 000 b|hun
015 |a SNBRB2007/04  |2 snkbucl 
038 |a SNKBUCL 
040 |a DSZK  |b slo  |c DSZK  |e AACR2 
041 0 |a hun 
044 |a xo  |c SK 
080 |a 94(=511.141)  |x (437.6)  |2 1997 
080 |a 94(437.6)-051  |2 1997 
080 |a 929 Strobl, Erzsébet  |2 1997 
100 1 |a Csiba, Annabella  |4 ivr  |4 aut  |9 1035211 
245 1 0 |a Tiszta szívvel  |c Csiba Annabella 
300 |b Fotogr. 
600 1 7 |a Strobl, Erzsébet,  |d 1911-  |2 snkbucl  |9 1065927 
655 7 |a pamäti  |2 snkbucl  |9 76080 
773 0 |t Vasárnap  |g Évf. 40, sz. 14 (2007), o. 10-11 
852 |a SNK  |b KIS3GCP 
852 |a DSZK  |b KIS3GCP 
958 |a HU 
958 |a BX 
999 |c 1751919  |d 1753849